Daily Quiz #17 - Statistics

General Stats
  • This quiz has been taken 32 times
  • The average score is 4 of 5
Answer Stats
Hint Answer % Correct
What South American country is known for being very long and very thin? Chile
93%
What is the capital of the United Kingdom? London
93%
What European country was split in two after WW2, and was reunited after the end of the Cold War? Germany
86%
Who painted the Mona Lisa? Leonardo da Vinci
86%
Who was president during WW1? Woodrow Wilson
52%
No matching quizzes found
Score Distribution
Percent of People with Each Score
Percentile by Number Answered
Your Score History
You have not taken this quiz